书目信息 |
| 题名: |
恒星运动和宇宙结构
|
|
| 作者: | 爱丁顿 著 ;张建文 译 | |
| 分册: | ||
| 出版信息: | 武汉 湖北科学技术出版社 2021.4 |
|
| 页数: | 208页 | |
| 开本: | 23cm | |
| 丛书名: | ||
| 单 册: | ||
| 中图分类: | P145.1 | |
| 科图分类: | ||
| 主题词: | 恒星--研究 , 宇宙--研究 | |
| 电子资源: | ||
| ISBN: | 978-7-5352-9021-2 | |
| 000 | 00959nam0 2200253 45 | |
| 001 | 012001000773 | |
| 005 | 20130912075908.0 | |
| 010 | @a978-7-5352-9021-2@dCNY39.80 | |
| 100 | @a20161230d2016 em y0chiy50 ea | |
| 101 | 1 | @achi@ceng |
| 102 | @aCN@b420000 | |
| 105 | @ay z 000yy | |
| 106 | @ar | |
| 200 | 1 | @a恒星运动和宇宙结构@Aheng xing yun dong he yu zhou jie gou@b专著@f(英)A.S. 爱丁顿著@g张建文译 |
| 210 | @a武汉@c湖北科学技术出版社@d2021.4 | |
| 215 | @a208页@d23cm | |
| 330 | @a本书介绍了我们对于恒星和宇宙结构的认识现状。共12章,分别是:观测数据、总论、最近的星、移动的星群、太阳运动、两个恒星流,双星流的数学理论、光谱型相关现象、恒星的数量、一般性统计研究、银河系等。 | |
| 606 | 0 | @a恒星@x研究 |
| 606 | 0 | @a宇宙@x研究 |
| 690 | @aP145.1@v5 | |
| 701 | 0 | @c(英)@a爱丁顿@Aai ding dun@c(Eddington, Arthur Stanley@f1882-1944)@4著 |
| 702 | 0 | @a张建文@Azhang jian wen@4译 |
| 801 | 0 | @aCN@bBJSDL@c20211011 |
| 905 | @b1335870-3@dP145.1@e359@f4 | |
| 恒星运动和宇宙结构/(英)A.S. 爱丁顿著/张建文译.-武汉:湖北科学技术出版社,2021.4 |
| 208页;23cm |
| ISBN 978-7-5352-9021-2:CNY39.80 |
| 本书介绍了我们对于恒星和宇宙结构的认识现状。共12章,分别是:观测数据、总论、最近的星、移动的星群、太阳运动、两个恒星流,双星流的数学理论、光谱型相关现象、恒星的数量、一般性统计研究、银河系等。 |
| ● |
| 相关链接 |
|
|
|
|
正题名:恒星运动和宇宙结构
索取号:P145.1/359
 
预约/预借
| 序号 | 登录号 | 条形码 | 馆藏地/架位号 | 状态 | 备注 |
| 1 | 1335870 | 213358702 | 第二样本阅览室/ [索取号:P145.1/359] | 在馆 | |
| 2 | 1335871 | 213358711 | 第三借阅区/ [索取号:P145.1/359] | 在馆 | |
| 3 | 1335872 | 213358720 | 第三借阅区/ [索取号:P145.1/359] | 在馆 | |
| 4 | 1335873 | 213358739 | 第三借阅区/ [索取号:P145.1/359] | 在馆 |